| 000 | 00757nam a22002297a 4500 | ||
|---|---|---|---|
| 999 |
_c3399 _d3399 |
||
| 005 | 20231220085924.0 | ||
| 008 | 231220b ||||| |||| 00| 0 eng d | ||
| 020 | _a9781407152585 | ||
| 040 | _cKH8 | ||
| 082 | _aFIC KUE | ||
| 100 |
_aKuenzler, Lou, _eAuthor |
||
| 245 |
_aWinter term at Tall Towers/ _cLou Kuenzler |
||
| 260 |
_aLondon, _bScholastic, _c2015 |
||
| 300 |
_a1 volume ; _c20 cm. |
||
| 440 | _a Princess DisGrace | ||
| 520 | _aIt is winter term and clumsy Princess Grace is back at Tall TowersAcademy for her fourth sparkling adventure, in this gloriouslyfunny illustrated series. | ||
| 650 | _aChildren's stories | ||
| 650 | _aFiction | ||
| 650 | _aJuvenile works | ||
| 700 |
_aScott, Kimberley _eIllustrator |
||
| 942 |
_2ddc _cFIC |
||